Top 10 men average height in current countries 2023 - Statistics

General Stats
  • This quiz has been taken 52 times
  • The average score is 5 of 10
Answer Stats
Hint Answer % Correct
1,840 Netherlands
92%
1,824 Denmark
65%
1,824 Iceland
58%
1,818 Latvia
58%
1,833 Estonia
52%
1,814 Slovakia
52%
1,818 Ukraine
44%
1,817 Czechia
38%
1,829 Bosnia
33%
1,838 Montenegro
33%
No matching quizzes found
Score Distribution
Percent of People with Each Score
Percentile by Number Answered
Your Score History
You have not taken this quiz